[Event "XIII Figueira da Foz Open 2019"]
[Site "Figueira da Foz"]
[Date "2019.10.29"]
[Round "3.3"]
[White "Klekowski, Maciej"]
[Black "Barski, Radoslaw"]
[Result "1-0"]
[WhiteElo "2481"]
[BlackElo "2437"]
[Annotator "TA"]
[PlyCount "59"]
[EventDate "2019.10.27"]
[EventType "swiss"]
[EventCountry "POR"]
[SourceTitle "playchess.com"]
[Source "ChessBase"]
[SourceQuality "1"]

{[%evp 13,59,15,29,21,21,12,43,33,54,12,84,45,81,90,94,100,97,75,123,93,63,55,67,59,37,47,69,39,37,31,88,91,83,77,162,181,239,220,233,203,287,288,356,252,481,474,808,784]} 1. c4 e5 2. g3 Nc6 3. Bg2 g6 4. Nc3 Bg7 5. e4 Nge7 6. Nge2 d6 7. d3 Be6 8. h4 {A26: English Opening vs King's Indian with ...Nc6 and d3} (8. Nd5 h6 9. Be3 Nd4 10. O-O O-O 11. Nxd4 exd4 12. Bd2 c6 13. Nf4 Bd7 14. b4 Kh7 15. Qb3 b6 {1-0 (40) Flores,D (2601)-Maghsoodloo,P (2615) Dubai 2018}) 8... Qd7 9. Nd5 h6 10. Be3 {White is slightly better.} f5 11. Qd2 Nd8 $146 (11... O-O-O $11) ({Predecessor:} 11... a5 12. d4 fxe4 13. Bxe4 Nf5 14. Nxc7+ Qxc7 15. d5 Nb4 16. dxe6 Qxc4 17. Bxf5 gxf5 {0-1 (35) Kiss,B (1984)-Kincs,I (2154) Balatonboglar 2016}) 12. Rc1 c6 {[#]} 13. Nxe7 $1 Qxe7 14. d4 Nf7 15. d5 Bd7 16. dxc6 Bxc6 17. Qd3 O-O 18. Nc3 f4 19. Bd2 $1 $36 {[%mdl 2048] White is more active.} h5 20. Nd5 Bxd5 21. cxd5 Bh6 ({Black should try} 21... fxg3 $14 22. Qxg3 Kh7) 22. Bh3 $16 Kg7 23. Rg1 f3 (23... Rae8 $16) 24. Rc3 $18 a6 (24... Rae8 $142 25. Be6 Kh8 26. Bxh6 (26. Qxf3 Bxd2+ 27. Kxd2 Ng5 $17 {[%mdl 64] Double Attack, Discovered Attack}) 26... Nxh6) 25. Qc2 Bxd2+ 26. Kxd2 Qd8 (26... Rae8 $142 27. Kc1 (27. Rxf3 Ng5 $17 {[%mdl 64] Double Attack, Discovered Attack}) 27... Qd8 28. Rxf3 Re7) 27. Rc7 (27. Rxf3 $2 {[#]} Ng5 $1 $19 {[%mdl 512]}) 27... Qb8 28. Qc3 a5 $2 (28... b5 29. Rc1 Ra7) 29. Rc1 a4 (29... Ra7 $142 30. Qa3 (30. Qxf3 b5 $18) 30... b6) 30. Be6 {Accuracy: White = 61%, Black = 16%.} 1-0

[Event "XIII Figueira da Foz Open 2019"]
[Site "Figueira da Foz"]
[Date "2019.10.29"]
[Round "3.4"]
[White "Grigoryan, Karen H."]
[Black "Gavasheli, Ana"]
[Result "1-0"]
[WhiteElo "2608"]
[BlackElo "2240"]
[Annotator "TA"]
[PlyCount "75"]
[EventDate "2019.10.27"]
[EventType "swiss"]
[EventCountry "POR"]
[SourceTitle "playchess.com"]
[Source "ChessBase"]
[SourceQuality "1"]

{[%evp 15,75,50,95,82,101,101,123,118,137,115,149,146,195,189,221,212,204,197,231,237,217,160,149,141,164,123,141,130,139,137,386,382,477,477,622,669,662,645,632,619,1097,1090,1088,1082,1059,566,1451,1424,29986,1686,1684,1518,1642,1631,1695,1502,5289,5289,29987,1272,1036,660]} 1. e4 d6 2. d4 Nf6 3. f3 g6 4. c4 Bg7 5. Nc3 O-O 6. Be3 c6 7. Qd2 e5 8. Nge2 Re8 9. d5 {E86: King's Indian: Sämisch: 6...e5 7 Nge2 c6} a6 (9... cxd5 10. cxd5 a6 11. g4 b5 12. Ng3 Nfd7 13. h4 b4 14. Nd1 Nc5 15. Qxb4 {1-0 (49) Papasimakopoulos,A (2191)-Saraci,N (2382) Skopje 2018}) 10. g4 b5 11. Ng3 $1 {White is better.} bxc4 12. Bxc4 c5 $146 ({Predecessor:} 12... a5 13. g5 Nfd7 14. dxc6 Nxc6 15. Bxf7+ Kxf7 {1-0 (70) Sekowski,P-Domaraczenko,K (1905) ICCF email 2015}) 13. h4 Qe7 14. h5 Nfd7 15. Qh2 ({Much less strong is} 15. hxg6 $6 fxg6 16. Rh2 (16. Qh2 Nf8 $16) 16... Rf8 $16) 15... Nf8 16. O-O-O Bf6 17. hxg6 fxg6 18. Qd2 Nbd7 19. g5 Bh8 20. Nf5 gxf5 21. exf5 Nb6 22. Bd3 $1 e4 $2 (22... Nc4 $16 {was called for.} 23. Bxc4 Bxf5) 23. f6 $18 Qf7 24. Nxe4 Rxe4 25. Bxe4 Nc4 26. Qc3 Nxe3 27. Qxe3 Ra7 28. Rh6 Qd7 29. Rdh1 Qa4 30. Bc2 Qc4 {intending ...Bf5.} 31. R6h4 Qxa2 32. Ra4 (32. Rxh7 $142 Qa1+ 33. Kd2 $1 {[%mdl 512]} Qa5+ 34. Kd1 $1 {[%mdl 512]} Qa1+ 35. Ke2 $1 {[%mdl 512]} Qxh1 36. Rxh1 Bd7 37. f7+ {[%mdl 64] Decoy} Kxf7 38. Qf4+ {[%mdl 64] Double Attack} Ke8 39. Rxh8) 32... Qxd5 {[#]} 33. Bb3 $1 {[%mdl 512]} c4 34. Rxc4 Be6 35. Rc3 Qf5 36. Bxe6+ Nxe6 37. Qxa7 (37. Rc8+ $142 Nf8 38. Qb3+ (38. Rxf8+ Kxf8 39. Qxa7 {[%mdl 64] Double Attack} Qxg5+ 40. Kd1 Qd5+ 41. Kc1 Qg5+ 42. Kd1 Qd5+ 43. Ke1 Qe5+ 44. Kf1 Qb5+ 45. Kf2 Qxb2+ 46. Kf1 Qc1+ 47. Ke2 Qb2+ 48. Kf1 Qc1+ 49. Kg2 Qg5+ 50. Kf1 Qc1+ $11) 38... d5 {[#]} 39. Rxf8+ $1 {[%mdl 576] Decoy} Kxf8 40. Qb8+ {[%mdl 64] Double Attack} Qc8+ 41. Qxc8+ Kf7 42. Rxh7+ {[%mdl 64] Double Attack} Kg6 43. Rxa7) 37... Qxg5+ 38. Qe3 {Accuracy: White = 64%, Black = 23%.} 1-0

[Event "XIII Figueira da Foz Open 2019"]
[Site "Figueira da Foz"]
[Date "2019.10.29"]
[Round "3.5"]
[White "Spraggett, Kevin"]
[Black "Gomez Dieguez, David"]
[Result "1/2-1/2"]
[WhiteElo "2513"]
[BlackElo "2336"]
[Annotator "TA"]
[PlyCount "167"]
[EventDate "2019.10.27"]
[EventType "swiss"]
[EventCountry "POR"]
[SourceTitle "playchess.com"]
[Source "ChessBase"]
[SourceQuality "1"]

{[%evp 26,167,52,36,42,33,40,30,24,19,11,15,94,-47,30,-6,78,0,0,-49,25,-28,-48,-118,-95,-79,-81,-153,-33,-137,-127,-124,-118,-120,-118,-146,-25,-10,-12,-92,-100,-102,-47,-37,-22,-61,-71,-67,-47,-50,-5,-39,-5,-12,-8,-32,0,0,2,0,8,0,0,0,0,-8,0,0,0,0,0,0,135,135,135,135,135,135,135,0,0,0,135,135,135,133,133,76,76,76,76,76,76,76,76,76,76,76,76,76,76,76,76,76,76,76,76,76,76,76,76,76,76,76,76,76,150,150,150,150,150,150,150,150,150,150,150,150,150,150,150,150,150,129,129,129,129,129,129,129,129,129,129,-8]} 1. g3 Nf6 2. Bg2 c5 3. c4 Nc6 4. Nc3 e6 5. Nf3 Be7 6. O-O a6 7. d4 cxd4 8. Nxd4 Qc7 9. b3 d6 10. Bb2 Bd7 11. Rc1 Nxd4 12. Qxd4 O-O 13. Rfd1 Rfd8 14. h3 Bf8 {[#] A33: Symmetrical English: 2 Nf3 Nf6 3 d4 cxd4 4 Nxd4 e6 5 Nc3 Nc6} (14... Rac8 15. Qa7 b5 16. Qxa6 bxc4 17. bxc4 Qxc4 18. Qa3 Qc5 19. Nd5 Qxa3 20. Nxe7+ Kf8 21. Bxa3 Rxc1 22. Ng6+ hxg6 23. Bxd6+ {½-½ (52) Le,Q (2693)-Amin,B (2643) Istanbul 2012}) 15. g4 $146 ({Predecessor:} 15. Qf4 Rac8 16. Qe3 Ne8 17. a4 Qb8 18. Qd3 Bc6 19. e4 b6 20. Qe3 Nf6 21. Ne2 Nd7 22. Nd4 {½-½ (30) Vakhidov,T (2504)-Roy Chowdhury,S (2393) Pune 2004}) 15... h6 16. Qe3 Rac8 {White has an edge.} 17. g5 hxg5 18. Qxg5 Qb8 (18... e5 $11) 19. a4 (19. Ne4 $16 Nh7 20. Qg3) 19... Bc6 (19... Rc5 $15 20. Qg3 Rh5) 20. e4 {Threatens to win with Nd5.} Be8 (20... e5 $11) 21. Rd3 (21. Nd5 $1 $16 {[%cal Rd5f6]} Nxd5 22. exd5) 21... Rc5 22. Nd5 exd5 (22... Nh7 $1 $15 23. Qh4 (23. Ne7+ Kh8 $17) 23... exd5 24. exd5 Rc7) 23. exd5 (23. Bxf6 $142 dxc4 24. Qxc5 cxd3 25. Qg5) 23... Nh7 $1 $11 {[%cal Rh7g5]} 24. Qh4 (24. Qf4 $1 $15) 24... Rd7 25. Rg3 Qd8 26. Qd4 (26. Qf4 $142) 26... f6 (26... f5 $1 $17 27. Re1 b5 28. axb5 axb5) 27. b4 (27. Be4 $15) 27... Rcc7 $17 28. c5 dxc5 $1 29. bxc5 Bf7 {[%cal Rf7d5]} 30. d6 Bxd6 ({Better is} 30... Rc8 $17 31. Bd5 Ng5) 31. cxd6 $11 Rxd6 32. Qf4 (32. Qg4 $11 {remains equal.} Be6 33. Qe2) 32... Rxc1+ $17 33. Bxc1 Rd1+ (33... Rd4 $17 34. Qh6 g5) 34. Kh2 $15 Rd4 35. Qe3 Rxa4 36. Bxb7 Qc7 37. Bg2 Ra5 38. Qd3 Rc5 39. Be3 Rb5 40. Qd4 Qe5 {[#]} 41. Qg4 $1 {[%csl Gg3][%cal Rg4g7][%mdl 512]} f5 42. Qa4 Qd6 43. Bf4 Qf6 44. Rd3 {aiming for Rd6.} Nf8 45. Bd6 Rb2 46. Qxa6 {With the idea Qa8.} Rxf2 47. Qa8 Bc4 {[#]} 48. Bxf8 $1 {[%mdl 512] Intending Be7+ and mate.} Rxg2+ (48... Ra2 $1 $11 {keeps the balance.} 49. Qb8 Rb2 50. Bb4+ Kh7) (48... Qxf8 49. Rd8) 49. Kxg2 $16 {White threatens Be7+ and mate.} Qg5+ ({Wrong is} 49... Qb2+ $2 50. Kf3) 50. Kh2 {Threatening mate with Be7+.} Qf4+ 51. Rg3 {Bd6+ would kill now.} Qd2+ 52. Rg2 (52. Qg2 $1 $16 {[%cal Rg2d2]} Qxg2+ 53. Rxg2 Kxf8 54. Rg5) 52... Qf4+ $11 53. Rg3 (53. Kg1 $11 Qf1+ 54. Kh2 Qf4+ 55. Rg3 Qf2+ 56. Qg2 (56. Rg2 Qf4+ $18) 56... Qxg2+ 57. Rxg2 Kxf8 58. Rg5) 53... Qd2+ $1 $16 {[#]} 54. Qg2 $1 {[%cal Rg2d2]} Qxg2+ 55. Rxg2 Kxf8 {[%mdl 4096] Endgame KR-KB} 56. Rf2 ({White should try} 56. h4) 56... Bd3 57. Rd2 Be4 58. h4 Kg8 59. Kg3 Kh7 60. Rd6 g6 61. Kf4 {Hoping for Kg5.} Kh6 {[#]} 62. Rd8 $1 Bg2 63. Rg8 Bf1 64. Kf3 Bh3 65. Kf2 Bg4 66. Kg3 Kh7 67. Rd8 Kh6 68. Kf4 Bh5 69. Ke5 {Black must now prevent Kf6.} Kg7 70. Rd7+ Kf8 (70... Kh6 $142) 71. Kf6 {[%cal Rd7d8]} Kg8 72. Kg5 Kf8 73. Rd6 Kg7 74. Rf6 Kh7 75. Rb6 Kg7 76. Rb7+ Kf8 77. Rc7 Kg8 78. Kh6 Kf8 79. Kh7 f4 {White is better.} 80. Rc4 f3 81. Rf4+ Ke7 82. Kh6 Kd6 83. Kg5 Ke5 84. Rxf3 {Accuracy: White = 48%, Black = 53%.} ({White should play} 84. Ra4 $16) 1/2-1/2

[Event "XIII Figueira da Foz Open 2019"]
[Site "Figueira da Foz"]
[Date "2019.10.29"]
[Round "3.6"]
[White "Lisowski, Krzysztof"]
[Black "Jakubowski, Krzysztof"]
[Result "0-1"]
[WhiteElo "2179"]
[BlackElo "2494"]
[Annotator "TA"]
[PlyCount "72"]
[EventDate "2019.10.27"]
[EventType "swiss"]
[EventCountry "POR"]
[SourceTitle "playchess.com"]
[Source "ChessBase"]
[SourceQuality "1"]

{[%evp 9,72,-7,4,-10,-10,-17,0,-4,12,0,45,29,42,23,26,-25,-19,-15,-8,-45,-43,-45,-37,-31,-6,-6,-7,-28,-10,-33,-43,-43,-6,-45,-38,-48,-31,-57,-73,-116,-121,-103,-25,-69,-58,-70,-52,-218,-117,-305,-308,-335,-334,-331,-321,-341,-289,-488,-479,-482,-479,-562,-562,-1061,-994]} 1. e4 c5 2. d3 g6 3. f4 Bg7 4. Nf3 Nc6 5. Be2 e6 6. O-O {B21: Sicilian: 2 f4 and Morra Gambit} (6. c3 Nge7 7. Be3 b6 8. d4 d6 9. O-O O-O 10. Nbd2 Bb7 11. a3 h6 12. Bf2 Rc8 13. Rc1 Qd7 {½-½ (50) Kovalev,V (2649)-Bernadskiy,V (2594) Riga 2019}) 6... Nge7 7. Qe1 d5 8. c3 {The position is equal.} b6 9. Na3 Ba6 10. e5 d4 11. c4 Nf5 $146 ({Predecessor:} 11... h5 12. Ng5 Nf5 {1-0 (35) Schweiger,G (2100)-Loder,W (2130) Bayern 1998}) 12. g4 (12. Ng5 $142) 12... Ne3 $1 $36 {[%cal Re3f1][%mdl 2048] Black fights for an advantage.} 13. Bxe3 dxe3 14. Qc1 f6 {[%cal Rf6e5]} 15. Qxe3 O-O 16. Rae1 Kh8 17. Nc2 fxe5 18. fxe5 Qe7 19. b3 Bb7 {[%mdl 1024] Black has compensation.} 20. Rf2 Nd8 21. Bf1 Nf7 22. Bg2 Rad8 23. d4 Bh6 24. Qc3 Bxf3 25. Rxf3 {[#]} Bg7 ({Black should play} 25... cxd4 $1 $17 26. Nxd4 Qc5 {[%mdl 64] Double Attack}) 26. d5 exd5 27. cxd5 Nxe5 28. Rfe3 $2 {[#]} (28. Rxf8+ $15 Rxf8 29. Qe3) 28... Qf6 ({Much less strong is} 28... Nxg4 29. Rxe7 Bxc3 30. R1e6 $17) (28... Qd6 $1 $19 29. Rxe5 Rde8 30. Rxe8 Bxc3) 29. Rxe5 $2 {[#]} (29. R3e2 $17 Nxg4 30. Qxf6 Nxf6 31. Rf2) 29... Rde8 $1 $19 {[%mdl 576] Pin} 30. g5 (30. Rxe8 Qxc3) 30... Qf4 {[%mdl 64] Pin} 31. Rxe8 {White threatens Qf3 and mate.} Bxc3 32. Rxf8+ Qxf8 33. Re6 $2 (33. Re4 {keeps fighting.}) 33... Qf5 {Black is clearly winning.} 34. Re8+ Kg7 35. Re4 Qxg5 {Strongly threatening ...Qc1+.} 36. d6 Qc1+ {[%mdl 64] Double Attack. Accuracy: White = 29%, Black = 40%.} 0-1

[Event "XIII Figueira da Foz Open 2019"]
[Site "Figueira da Foz"]
[Date "2019.10.29"]
[Round "3.7"]
[White "Stella, Andrea"]
[Black "Fernandes, Miguel A. Murtinho"]
[Result "*"]
[WhiteElo "2484"]
[BlackElo "2115"]
[Annotator "TA"]
[PlyCount "42"]
[EventDate "2019.10.27"]
[EventType "swiss"]
[EventCountry "POR"]
[SourceTitle "playchess.com"]
[Source "ChessBase"]
[SourceQuality "1"]

{[%evp 27,42,20,13,0,0,0,41,8,8,10,4,0,10,0,15,18,18]} 1. d4 d5 2. c4 c6 3. Nf3 Nf6 4. Nc3 e6 5. e3 Nbd7 6. Bd3 dxc4 7. Bxc4 b5 8. Bd3 b4 9. Ne4 Be7 10. Nxf6+ Nxf6 11. e4 Bb7 12. O-O O-O 13. e5 Nd7 {[%cal Bf6d7,Bd7b6,Bb6d5][%mdl 32]} 14. Be4 Rb8 15. a3 {D47: Semi-Slav: Meran System} bxa3 16. b4 f5 (16... Bxb4 $6 {[#]} 17. Bxh7+ $1 {[%mdl 512]} Kxh7 18. Ng5+ Kg6 19. Qd3+ f5 20. Nxe6 $16) 17. Bd3 {next Bc4 is good for White.White is slightly better.} Nb6 {The position is equal.} ({Reject} 17... Bxb4 18. Ng5 $14) 18. Bxa3 Nd5 19. Bc4 {[#]} Bc8 $146 ({Predecessor:} 19... Qb6 20. Qd3 Rfd8 21. Rfb1 h6 22. Rb3 Kh8 23. Rab1 Nc7 24. h3 Nd5 25. Kh2 Bc8 26. Qd1 Qc7 27. Kg1 Rb6 28. Ne1 Ba6 29. Bc1 {½-½ (29) Khalifman,A (2667)-Bareev,E (2702) Dortmund 2000}) 20. Qa4 Bd7 21. Rfc1 h6 *

[Event "XIII Figueira da Foz Open 2019"]
[Site "Figueira da Foz"]
[Date "2019.10.29"]
[Round "3.7"]
[White "Stella, Andrea"]
[Black "Fernandes, Miguel A. Murtinho"]
[Result "1-0"]
[WhiteElo "2484"]
[BlackElo "2115"]
[Annotator "TA"]
[PlyCount "87"]
[EventDate "2019.10.27"]
[EventType "swiss"]
[EventCountry "POR"]
[SourceTitle "playchess.com"]
[Source "ChessBase"]
[SourceQuality "1"]

{[%evp 27,87,13,11,0,0,0,0,20,27,0,20,16,16,0,23,19,111,123,113,113,124,114,119,115,122,127,114,126,112,79,96,93,110,114,104,117,110,79,134,129,118,114,224,194,187,189,204,137,145,84,76,79,85,82,164,42,52,37,69,66,5216,5209]} 1. d4 d5 2. c4 c6 3. Nf3 Nf6 4. Nc3 e6 5. e3 Nbd7 6. Bd3 dxc4 7. Bxc4 b5 8. Bd3 b4 9. Ne4 Be7 10. Nxf6+ Nxf6 11. e4 Bb7 12. O-O O-O 13. e5 Nd7 {[%cal Bf6d7,Bd7b6,Bb6d5][%mdl 32]} 14. Be4 Rb8 15. a3 {D47: Semi-Slav: Meran System} bxa3 16. b4 f5 17. Bd3 {The position is equal.} Nb6 18. Bxa3 Nd5 19. Bc4 {[#]} Bc8 $146 ({Predecessor:} 19... Qb6 20. Qd3 Rfd8 21. Rfb1 h6 22. Rb3 Kh8 23. Rab1 Nc7 24. h3 Nd5 25. Kh2 Bc8 26. Qd1 Qc7 27. Kg1 Rb6 28. Ne1 Ba6 29. Bc1 {½-½ (29) Khalifman,A (2667)-Bareev,E (2702) Dortmund 2000}) 20. Qa4 Bd7 21. Rfc1 c5 (21... Rf7 $11) 22. b5 $16 (22. Qxa7 $6 Ra8 $11) 22... a6 {[%cal Ra6b5]} 23. Bxd5 ({Much weaker is} 23. Qxa6 $6 Ra8 $11) 23... exd5 24. Bxc5 Bxb5 25. Qa3 Re8 26. h3 Bg5 27. Nxg5 Qxg5 28. Qa2 {Hoping for Bd6.} Bc4 29. Rxc4 dxc4 30. Qxc4+ Kh8 31. Qxa6 Qd2 32. Qc6 Qc3 (32... Qe2 $142) 33. Rf1 $1 Qb3 34. Qd7 Qd3 {[#]} (34... Qe6 $16 35. Qa4 g6) 35. e6 $1 $18 f4 36. e7 f3 {( -> ...Qxf1+!)} 37. gxf3 Qxf3 38. Qg4 ({White should try} 38. Re1) 38... Qd5 $16 39. Qf4 Kg8 40. Re1 Qf7 {[#]} (40... h6 $16) 41. Qxf7+ (41. Qe4 $1 $18) 41... Kxf7 $14 42. Re3 Rb7 43. Kg2 Rbxe7 $2 {[%mdl 8192]} (43... Rc7 $14) 44. Rxe7+ {Accuracy: White = 64%, Black = 43%.} 1-0

[Event "XIII Figueira da Foz Open 2019"]
[Site "Figueira da Foz"]
[Date "2019.10.29"]
[Round "3.8"]
[White "Medarde Santiago, Luis Marcos"]
[Black "Romanishin, Oleg M"]
[Result "1/2-1/2"]
[WhiteElo "2285"]
[BlackElo "2441"]
[Annotator "TA"]
[PlyCount "45"]
[EventDate "2019.10.27"]
[EventType "swiss"]
[EventCountry "POR"]
[SourceTitle "playchess.com"]
[Source "ChessBase"]
[SourceQuality "1"]

{[%evp 11,45,10,8,0,6,-7,30,23,18,0,0,2,9,-60,-46,-44,-15,-70,-18,-13,-35,-34,-27,-37,-32,-12,-14,-37,-37,-35,-25,-35,-35,-38,-30,-39]} 1. e4 e5 2. Nf3 Nc6 3. Bc4 Nf6 4. d4 exd4 5. e5 Ne4 6. Qe2 Nc5 ({Don't blunder} 6... Bb4+ $2 7. Kd1 $16) 7. c3 {C56: Two Knights: 4 d4 exd4 5 0-0 Nxe4} (7. O-O Ne6 8. Bxe6 dxe6 9. Rd1 Be7 10. Be3 Bd7 11. Bxd4 Nxd4 12. Nxd4 O-O 13. Nc3 c5 14. Ndb5 a6 {1-0 (70) Jones,G (2702)-Yu,Y (2739) Hengshui 2019}) 7... d3 8. Qe3 Ne6 9. O-O {White has an edge.} d6 10. exd6 $146 ({Predecessor:} 10. Re1 dxe5 11. Nxe5 Nxe5 12. Qxe5 Be7 13. Be3 Bd6 14. Qe4 O-O 15. Bxd3 {0-1 (28) Ivanov,I (2337)-Semov,D (2378) ICCF email 2008}) 10... Bxd6 11. Bxd3 O-O $36 {[%mdl 2048] White is under pressure.} 12. Nbd2 (12. Re1 $11) 12... Re8 $15 {[#] Hoping for ...Nf4.} 13. Re1 Bd7 {White must now prevent ...Nc5.} 14. Qe4 (14. Ne4 $1 $11) 14... Nf8 ({Black should try} 14... g6 $15 15. Qc4 Na5) 15. Qd5 $1 $11 Rxe1+ 16. Nxe1 Ne5 {...Bc6 is the strong threat.} 17. Qxb7 Bc6 18. Qa6 Bc5 {Threatens to win with ...Qh4!} 19. Be4 {[#]} Bxf2+ $1 {[%mdl 576] Decoy} 20. Kxf2 Qh4+ {[%mdl 64] Double Attack} 21. Kf1 Bxe4 22. Nxe4 Qxe4 23. Qe2 {Accuracy: White = 46%, Black = 65%.} 1/2-1/2

[Event "XIII Figueira da Foz Open 2019"]
[Site "Figueira da Foz"]
[Date "2019.10.29"]
[Round "3.9"]
[White "Djuric, Stefan"]
[Black "Adams, Philip"]
[Result "1/2-1/2"]
[WhiteElo "2356"]
[BlackElo "1993"]
[Annotator "TA"]
[PlyCount "35"]
[EventDate "2019.10.27"]
[EventType "swiss"]
[EventCountry "POR"]
[SourceTitle "playchess.com"]
[Source "ChessBase"]
[SourceQuality "1"]

{[%evp 10,35,33,28,30,32,22,37,20,36,28,-24,-31,-32,-15,-23,-12,-89,-22,-73,-64,-151,-113,-160,-111,-267,-167,-267]} 1. e4 c6 2. Nc3 d5 3. Nf3 dxe4 4. Nxe4 Nf6 5. Qe2 Nxe4 6. Qxe4 Nd7 {B11: Caro-Kann: Two Knights Variation} 7. Bc4 {Threatens to win with Ng5!} Nf6 8. Ne5 {[%csl Ge5][%cal Rc4f7] [#]} e6 {White is slightly better.} 9. Qe2 b5 10. Nxc6 $146 ({Better is} 10. Bb3) ({Predecessor:} 10. Bd3 Qc7 11. a4 Bd6 12. Nxc6 b4 13. Nd4 a6 14. Nf5 {½-½ (43) Ragger,M (2682)-Donchenko,A (2595) Brest 2019}) 10... Qc7 $11 11. Bd3 $1 a6 {[%mdl 1024] Black has compensation.} ({Avoid the trap} 11... Qxc6 $2 12. Bxb5 Qxb5 13. Qxb5+ $18) 12. Nd4 Bc5 13. Nb3 (13. Nf3 $11 {remains equal.}) 13... Bd6 ({Black should play} 13... Bb6 $17) 14. c3 (14. a4 $11 {keeps the balance.}) 14... Bb7 $36 {[%mdl 2048] Black has good play.} 15. Nd4 ({White should try} 15. Bc2 $15) 15... O-O ({Don't do} 15... Bxh2 16. Nf3 $15) 16. f3 Rfe8 17. Kd1 $2 {[#]} (17. Be4 $17 {might work better.}) 17... g6 ({Not} 17... Bxh2 18. Be4 $15) 18. Qf2 {[%mdl 32768] Accuracy: White = 26%, Black = 50%. . An unexpected result.} (18. Nc2 $142) 1/2-1/2

[Event "XIII Figueira da Foz Open 2019"]
[Site "Figueira da Foz"]
[Date "2019.10.29"]
[Round "3.10"]
[White "Rey Malde, Henrique"]
[Black "Puglia, Francesco"]
[Result "1-0"]
[WhiteElo "2209"]
[BlackElo "1916"]
[Annotator "TA"]
[PlyCount "67"]
[EventDate "2019.10.27"]
[EventType "swiss"]
[EventCountry "POR"]
[SourceTitle "playchess.com"]
[Source "ChessBase"]
[SourceQuality "1"]

{[%evp 12,67,8,11,31,27,72,22,50,25,19,24,24,21,24,8,0,-2,17,6,16,24,26,3,29,6,30,18,40,25,26,41,41,0,28,28,30,42,51,0,49,0,0,-16,52,-116,-114,-114,350,110,182,188,229,127,653,648,1946,1837]} 1. e4 c5 2. Nc3 d6 3. Nf3 Nf6 4. d4 cxd4 5. Nxd4 a6 6. h3 e5 7. Nde2 h5 {B90: Sicilian Najdorf: Unusual White 6th moves, 6 Be3 Ng4 and 6 Be3 e5} 8. Bg5 Nbd7 9. Ng3 Qa5 $146 {The position is equal.} ({Predecessor:} 9... g6 10. Bc4 Be7 11. Nd5 Nxd5 12. Qxd5 O-O 13. Bxe7 Qxe7 14. Bb3 h4 15. Nf1 {½-½ (56) Harikrishna,P (2737)-Sasikiran,K (2639) Berlin 2015}) 10. Qd2 b5 {Hoping for ...h4.} 11. Bd3 Bb7 12. f3 b4 13. Nd1 d5 14. exd5 Nxd5 15. Ne3 Nxe3 16. Bxe3 Nc5 17. O-O Rd8 18. Bxc5 Bxc5+ 19. Kh1 Qc7 20. Rae1 h4 21. Ne4 Be7 $1 22. Qe2 g6 23. Nf2 O-O 24. Ng4 Bd6 25. Ne3 (25. Nxe5 $14 Rfe8 26. f4) 25... Rde8 26. Nc4 Bc5 27. Qd2 Ba7 (27... Re6 $11) 28. Qh6 $2 {[#]} (28. Qxb4 $14 {stays ahead.} Bb8 29. Be4) 28... e4 $1 $17 {[%cal Re4f3][%mdl 512]} 29. fxe4 (29. Bxe4 Bb8) 29... Re6 $2 {[%mdl 8192]} (29... Bxe4 $17 {keeps the pressure on.} 30. Ne3 (30. Bxe4 $2 Bb8 $19) (30. Rxe4 $2 Rxe4 31. Bxe4 Bb8 $19) 30... Bd4 31. Bxe4 Rxe4) 30. Qxh4 $2 (30. Rf4 $18 f5 31. Na5 $1 {[%mdl 512]} (31. Rxh4 Qg7 $16)) 30... Kg7 {[#]} (30... Bb8 $16 31. e5 Bd5) 31. e5 $1 $18 Rh8 {[#]} 32. Qg4 ({White should try} 32. Qg3 $1 $18 {Nd6 is the strong threat.} Bb8 33. Nd6 Rxd6 34. exd6 Qxd6 35. Qxd6 Bxd6 36. Be4) 32... Rh5 $2 {[%mdl 8192]} (32... Bd5 $16 33. Rf4 Rh7) 33. Nd6 Bc8 34. Rxf7+ {Accuracy: White = 45%, Black = 31%.} 1-0

[Event "XIII Figueira da Foz Open 2019"]
[Site "Figueira da Foz"]
[Date "2019.10.29"]
[Round "3.11"]
[White "Garcia Dorado, Alberto"]
[Black "Silva, Mariana Sofia T."]
[Result "1-0"]
[WhiteElo "2170"]
[BlackElo "1880"]
[Annotator "TA"]
[PlyCount "80"]
[EventDate "2019.10.27"]
[EventType "swiss"]
[EventCountry "POR"]
[SourceTitle "playchess.com"]
[Source "ChessBase"]
[SourceQuality "1"]

{[%evp 21,80,55,75,70,81,33,37,36,33,27,59,33,43,34,57,52,33,0,0,0,2,0,29,-23,-8,-20,0,-37,4,16,12,12,23,0,168,168,168,170,159,109,358,370,415,400,412,395,435,440,454,439,460,440,472,478,482,482,470,466,464,470,468]} 1. Nf3 Nf6 2. g3 g6 3. Bg2 Bg7 4. d4 d6 5. O-O O-O 6. c4 c5 7. d5 b5 8. cxb5 a6 9. bxa6 Bxa6 10. Nc3 Nbd7 11. Rb1 Qb6 12. b3 {A58: Benko/Volga Gambit: Lines with 5 bxa6} Ng4 (12... Rab8 13. Qc2 Rfc8 14. Bd2 e6 15. dxe6 fxe6 16. Rfd1 d5 17. Bf4 Ra8 18. Ne5 Bb7 19. Nc4 Qa6 {0-1 (37) Piket,J (2625)-Baklan,V (2591) Germany 1999}) 13. Bb2 Qa5 $146 ({Predecessor:} 13... Nge5 14. Nxe5 Nxe5 15. Qc2 Rfb8 16. Bc1 Ra7 17. Bd2 Bc8 18. a4 Bd7 19. h3 f5 {0-1 (67) Cameron,A (2080)-Lee,Q (2206) Adelaide 2017}) 14. Qc2 {White is slightly better.} Nge5 15. Nxe5 Nxe5 16. a3 Rfb8 17. Rfc1 Qb6 18. Ba1 Qa5 19. Qa2 Bc8 20. a4 Bf5 21. Be4 {With the idea Bxf5.} Bd7 22. Qa3 ({White should try} 22. Nd1) 22... Rb4 23. Bc2 Qa7 24. Ne4 Bf5 25. Nd2 Bxc2 26. Rxc2 Qb7 $1 27. Bc3 Rb5 $2 {[#]} (27... Nc4 $1 $11 {and Black has nothing to worry.} 28. Nxc4 (28. bxc4 Rxb1+ 29. Nxb1 Qxb1+ 30. Rc1 Rxa4 $15) 28... Rxc4) 28. f4 $36 {[%mdl 2048] Black is under strong pressure.} Ng4 29. Bxg7 Ne3 30. Rc3 Nxd5 $2 (30... Nf5 $16 {was worth a try.}) 31. Rf3 Rb4 32. Bc3 Nxc3 33. Rxc3 Qd5 {[#] And now ...Qd4+ would win.} 34. Qc1 {White is clearly winning.} Qd4+ 35. e3 Qd5 36. Qc2 Rab8 37. Rc4 Qe6 38. Re1 R4b7 39. Qd3 Qf6 40. e4 Qe6 {Accuracy: White = 68%, Black = 44%.} 1-0